000 00846cam a22002292 4500
001 0000024626
005 20151217152305.0
008 140115s xx 000 0 eng d
020 _a0199602193 :
040 _aKABU
_cKABU
245 1 4 _aThe Optional protocol to the UN convention against torture /
_cRachel Murray ... [et al.]
250 _a1st ed.
260 _aOxford :
_bO. U. P.,
_c2011.
300 _axx, 241 p.
630 0 0 _aConvention against Torture and other Cruel, Inhuman, or Degrading Treatment or Punishment
_d1984.
_d2012.
_kProtocols, etc.
_@0000185011
650 0 _aTorture (International law)
_@0000185012
650 0 _aTorture
_xPrevention.
_@0000185013
700 1 _aMurray, Rachel ... [et al.]
_@0000185014
852 1 _9p9990 KES
908 _a140115
950 _@1
999 _c10379
_d10379